|
|
|
|
| LEADER |
00000cam a2200000 7i4500 |
| 001 |
0000002979 |
| 005 |
20040329.0 |
| 020 |
0 |
0 |
|a 9839592548
|
| 090 |
0 |
0 |
|a RP 634.97325
|b AZA 1997
|
| 245 |
0 |
0 |
|a AZADIRACHTA excelsa :
|b a monograph
|c edited by Norani Ahmad
|
| 260 |
0 |
0 |
|a Kuala Lumpur :
|b Institut Penyelidikan Perhutanan Malaysia ,
|c 1997
|
| 300 |
|
|
|a xi, 59 p. :
|b col. ill. ;
|c 23 cm.
|
| 440 |
0 |
0 |
|a Research pamphlet ;no. 120
|
| 500 |
0 |
0 |
|a Bibliography : p. 58-59
|
| 650 |
0 |
0 |
|a Azadirachta excelsa
|
| 650 |
0 |
0 |
|a Azadirachta excelsa
|x Diseases and pests
|
| 650 |
0 |
0 |
|a Azadirachta excelsa
|x Economic aspects
|
| 650 |
0 |
0 |
|a Azadirachta excelsa
|x Geographical distribution
|
| 650 |
0 |
0 |
|a Azadirachta excelsa
|x Nomenclature
|
| 650 |
0 |
0 |
|a Wood
|x Anatomy
|
| 650 |
0 |
0 |
|a Wood
|x Identification
|
| 700 |
0 |
1 |
|a Norani Ahmad
|
| 998 |
|
|
|a JPSM
|
| 999 |
|
|
|a 0000005253
|b Monograph
|c Open Shelf
|e Default branch
|